[Event "Tasnad op"]
[Site "Tasnad"]
[Date "2018.09.14"]
[Round "6"]
[White "Reiz, Jozsef"]
[Black "Muller, Wilhelm"]
[Result "1-0"]
[WhiteElo "1634"]
[BlackElo "1914"]
[PlyCount "35"]
[EventDate "2018.09.11"]
[EventType "swiss"]
[EventRounds "9"]
[EventCountry "ROU"]
[SourceTitle "CBM 186 Extra"]
[Source "ChessBase"]
[SourceDate "2018.08.24"]
[SourceVersion "1"]
[SourceVersionDate "2018.08.24"]
[SourceQuality "1"]

1. e4 g6 2. d4 Bg7 3. Bc4 d6 4. Qf3 e6 5. Ne2 c6 6. a4 d5 7. exd5 exd5 8. Bd3 Nf6 9. 0-0 0-0 10. Bg5 Nbd7 11. Nd2 Re8 12. h3 Nf8 13. c3 Ne6 14. Bh4 h6 15. g4 Ng5 16. Bxg5 hxg5 17. a5 Be6 18. b4 1-0